000 004340000a22001690004500
003 MACL
005 20160108154459.0
008 160108b xxu||||| |||| 00| 0 eng d
040 _aMACL
_cMACL
041 _aEnglish
082 _a920/GIL
100 _aGildea, James
_929910
245 _aKing Edward VII
_bThe Peacemaker
260 _bEyre & Spotteswoode Ltd
_c1914
_aLondon
650 _aBiography
_929911
942 _cBK
_k920/GIL
_2ddc
999 _c37596
_d37596